Stratégia: (ne)zvyšovať ceny...

Zavedenie dovoznej prirážky a jej dopad na producentov kávy. Vývoj priamej spotreby kávy na Slovensku. Obchodné a marketingové stratégie rozhodnú o postavení producentov kávy na slovenskom trhu. Výdavky na reklamu jednotlivých značiek kávy.

Na minha lista:
Detalhes bibliográficos
Autor principal: Kapšová, Renata
Formato: Capítulo de Livro
Idioma:eslovaco
Assuntos:
Tags: Adicionar Tag
Sem tags, seja o primeiro a adicionar uma tag!

MARC

LEADER 00000naa a2200000 4500
001 r035794
005 20230929100312.8
041 0 |a slo 
044 |a SK 
245 1 0 |a Stratégia: (ne)zvyšovať ceny...  |c Renata Kapšová 
520 |a Zavedenie dovoznej prirážky a jej dopad na producentov kávy. Vývoj priamej spotreby kávy na Slovensku. Obchodné a marketingové stratégie rozhodnú o postavení producentov kávy na slovenskom trhu. Výdavky na reklamu jednotlivých značiek kávy. 
610 2 0 |a prirážky dovozné 
610 2 0 |a ceny 
610 2 0 |a káva 
610 2 0 |a Slovensko 
610 2 0 |a spotreba 
610 2 0 |a reklama 
610 2 0 |a výdavky 
100 1 |a Kapšová, Renata